000 01303nam a22003497a 4500
003 CHAP
005 20220329135810.0
008 971013s1981 r 00010 d
010 _a42395
011 _a43367
035 _a47503
040 _cCHAP
090 _aTesis
100 0 0 _aFranco Pebe, Santiago D.
_942978
245 _aEfectos de la irradiación Gamma (Co-60) sobre algunos caracteres fenotópicos, en tres subespecies de trigo (Triticum turgidum spp. durum T. turgidum spp. polonicum y T. turgidum ssp. turgidum) bajo condiciones de invernadero
260 _aMonterrey, N.L. :
_bEl autor,
_c1981
300 _a52 h.
502 _aTesis (M. en C. Esp. en Fitomejoramiento) --ITESM. Div. de Ciencias Agropecuarias y Marítimas
590 _aALEPH
_b10
_c20130110
_lUCH01
_h1311
590 _aBATCH-UPD
_b10
_c20130110
_lUCH01
_h0933
590 _aBATCH-UPD
_b10
_c20130410
_lUCH01
_h0551
590 _aBATCH-UPD
_b10
_c20130914
_lUCH01
_h1128
590 _aCONVERSION
_b10
_c20130109
_lUCH01
_h1323
650 1 4 _aCultivos en invernadero.
_930376
650 1 4 _aMutación en plantas.
_979907
650 1 4 _aRayos gamma.
_994856
650 1 4 _aTrigo
_xGenética.
_9115030
650 1 4 _aTrigo
_xVariedades.
_9115119
901 _aBK
942 _cTESIS
949 _bBC
_cTES
_d-107932
_eTS1
_i47503
_si
999 _c42395
_d42395